000 00257nam a22001217a 4500
008 170220b xxu||||| |||| 00| 0 eng d
041 _aeng
080 _a615
100 _a5
101 _aSHF
245 _aRECEPTURA MJEKESORE
_cISLAMI, H.I
942 _2udc
_cBK
999 _c5842
_d5842